00505nam a2200145Ia 4500008004100000024000700041082001900048100003000067245004600097260002500143600003200168650003300200952010900233999001700342250506s9999 xx 000 0 und d aNA a005.758072 SYE aSyed Mansoor Ahmad Husain 0aDistributed System of Zafar International aKarachi:bUIT,c1995 aComputer System Engineering aBachelor of Engineering (BE) 001040708PR-CEaUITUbUITUd2022-07-26l0o005.758072 SYEpCE-66r2025-05-06 11:34:11w2025-05-06yPR c27839d27839